000 00447cam a2200181ua 4500
001 3488
008 111222n ii |||gr||||Z||||||asm
040 _cMAIN
082 _a780
100 _aSrutikar, Binapani,
245 1 1 _aNaam mandakini
_cby Binapani Srutikar
250 _a1st.
260 _aNaharkatia:
_bAbani kr. Sarmah,
_c2000.
300 _a163p:
_c23cm.
653 _aAssamese devotional songs
653 _aNaam mandakini
942 _cBK
999 _c3330
_d3330